Państwa mniejsze od Polski - Statystyki

Ogólne statystyki
  • Ten quiz został rozwiązany 141 razy
  • Średni wynik to 5 z 15
Statystyki odpowiedzi
Numer Państwo % Poprawnych
1. Watykan
89%
5. San Marino
78%
2. Monako
64%
6. Liechtenstein
60%
10. Malta
45%
3. Nauru
24%
4. Tuvalu
20%
8. Saint Kitts i Nevis
17%
9. Malediwy
16%
15. Seszele
16%
13. Barbados
15%
11. Grenada
15%
12. Saint Vincent i Grenadyny
15%
7. Wyspy Marshalla
14%
14. Antigua i Barbuda
13%
Nie znaleziono quizów pasujących do podanych kryteriów
Rozkład punktacji
Procent ludzi z każdym wynikiem
Percentyl według liczby udzielonych odpowiedzi
Twoja historia wyników
Nie rozwiązałeś tego quizu